[Event "8. Ciudad los Ángeles 2014"]
[Site "Madrid ESP"]
[Date "2014.03.23"]
[Round "1.1"]
[White "Cabanas Bravo, Juan Andres"]
[Black "Palomares Monreal, Francisco J"]
[Result "1-0"]
[WhiteElo "2057"]
[BlackElo "1651"]
[PlyCount "41"]
[EventDate "2014.03.23"]
[EventType "swiss"]
[EventRounds "9"]
[EventCountry "ESP"]
[Source "lmi"]
[SourceDate "2014.03.23"]

1. e4 d6 2. d4 Nf6 3. Nc3 g6 4. f4 Bg7 5. Nf3 O-O 6. e5 Nfd7 7. Bc4 c5 8. e6
fxe6 9. Bxe6+ Kh8 10. d5 Nb6 11. Ng5 Qe8 12. Qd3 N8d7 13. Nxh7 Bxc3+ 14. Qxc3+
Kxh7 15. f5 Rh8 16. Bg5 Nf6 17. Bxf6 exf6 18. Qxf6 Bxe6 19. dxe6 gxf5 20. O-O-O
d5 21. Rd3 1-0

[Event "8. Ciudad los Ángeles 2014"]
[Site "Madrid ESP"]
[Date "2014.03.23"]
[Round "1.2"]
[White "Sotres Menendez, Raul"]
[Black "Avendano Mateos, Jose"]
[Result "0-1"]
[WhiteElo "1629"]
[BlackElo "2042"]
[PlyCount "49"]
[EventDate "2014.03.23"]
[EventType "swiss"]
[EventRounds "9"]
[EventCountry "ESP"]
[Source "lmi"]
[SourceDate "2014.03.23"]

1. d4 d5 2. c4 c6 3. e3 e6 4. Nf3 Nf6 5. Be2 Bd6 6. O-O Ne4 7. Nc3 f5 8. cxd5
exd5 9. Ne5 O-O 10. f4 Nd7 11. Qe1 Ndf6 12. Bd3 Be6 13. Nxe4 dxe4 14. Be2 c5
15. Bd2 cxd4 16. exd4 Rc8 17. Bc3 a6 18. Rc1 Nd5 19. Qg3 b5 20. a3 Qb6 21. Rfd1
a5 22. Be1 Rxc1 23. Rxc1 Qxd4+ 24. Kh1 Qxb2 25. Rd1 0-1

[Event "8. Ciudad los Ángeles 2014"]
[Site "Madrid ESP"]
[Date "2014.03.23"]
[Round "1.3"]
[White "Gil Sierra, Jacinto"]
[Black "Ramos Antona, Enrique"]
[Result "1-0"]
[WhiteElo "2037"]
[BlackElo "1629"]
[PlyCount "137"]
[EventDate "2014.03.23"]
[EventType "swiss"]
[EventRounds "9"]
[EventCountry "ESP"]
[Source "lmi"]
[SourceDate "2014.03.23"]

1. e4 d6 2. d4 Nf6 3. Bd3 g6 4. Nf3 Bg7 5. O-O O-O 6. h3 c5 7. c3 a6 8. Re1
Nfd7 9. Be3 Nc6 10. Nbd2 b5 11. a4 Rb8 12. axb5 axb5 13. Qe2 c4 14. Bc2 e5 15.
dxe5 Ndxe5 16. Nxe5 dxe5 17. Red1 Qc7 18. Nf1 Be6 19. Ra6 Bc8 20. Ra3 Bb7 21.
Qg4 Rfd8 22. Bg5 Rxd1 23. Qxd1 f6 24. Be3 Bf8 25. Ra1 Rd8 26. Qg4 Bc8 27. Qf3
Be7 28. Rd1 Be6 29. Rxd8+ Qxd8 30. Qd1 Qxd1 31. Bxd1 b4 32. Ba4 bxc3 33. bxc3
Na5 34. Nd2 Nb3 35. Kf1 Nxd2+ 36. Bxd2 Bc5 37. Ke2 f5 38. exf5 gxf5 39. Be3
Bxe3 40. Kxe3 Bd5 41. g3 Kf7 42. Bd7 Kf6 43. f4 h6 44. Bb5 Ke6 45. Ba6 Bc6 46.
Bxc4+ Bd5 47. Bb5 exf4+ 48. Kxf4 Kf6 49. Bd7 Be4 50. c4 Bd3 51. c5 Bc2 52. Bc8
Be4 53. Ba6 Bc6 54. Bc8 Be4 55. g4 Bg2 56. Bxf5 Bxh3 57. c6 Bg2 58. c7 Bb7 59.
c8=Q Bxc8 60. Bxc8 Kg6 61. Bd7 Kf6 62. Bf5 Kf7 63. Ke5 Kg7 64. Be4 Kf7 65. Kf5
Kg7 66. Bd5 Kh7 67. Kf6 h5 68. g5 h4 69. g6+ 1-0

[Event "8. Ciudad los Ángeles 2014"]
[Site "Madrid ESP"]
[Date "2014.03.23"]
[Round "1.4"]
[White "Sancinena Arpide, Juan"]
[Black "Brull Cortes, Boris"]
[Result "0-1"]
[WhiteElo "1622"]
[BlackElo "2025"]
[PlyCount "70"]
[EventDate "2014.03.23"]
[EventType "swiss"]
[EventRounds "9"]
[EventCountry "ESP"]
[Source "lmi"]
[SourceDate "2014.03.23"]

1. e4 e6 2. d4 d5 3. e5 c5 4. c3 Nc6 5. Nf3 Qb6 6. Be2 Nh6 7. Bxh6 gxh6 8. Qb3
Qxb3 9. axb3 cxd4 10. cxd4 Be7 11. Nc3 O-O 12. Kd2 f6 13. exf6 Bxf6 14. Kd3 Bg5
15. Nxg5 hxg5 16. Rhf1 Bd7 17. g3 e5 18. dxe5 Nxe5+ 19. Ke3 Rae8 20. Kd4 Nc6+
21. Kd3 d4 22. Ne4 Nb4+ 23. Kxd4 Nc2+ 24. Kc3 Nxa1 25. Bc4+ Kg7 26. Nd6 Rf3+
27. Kd2 Nxb3+ 28. Bxb3 Rxb3 29. Nxe8+ Bxe8 30. Kc2 Rf3 31. Re1 Rxf2+ 32. Kc3
Bc6 33. Re7+ Kg6 34. b4 a6 35. Re6+ Kf5 0-1

[Event "8. Ciudad los Ángeles 2014"]
[Site "Madrid ESP"]
[Date "2014.03.23"]
[Round "1.5"]
[White "Lobato Rivero, Carlos"]
[Black "Melcon Diez, Enrique"]
[Result "1-0"]
[WhiteElo "1999"]
[BlackElo "1606"]
[PlyCount "39"]
[EventDate "2014.03.23"]
[EventType "swiss"]
[EventRounds "9"]
[EventCountry "ESP"]
[Source "lmi"]
[SourceDate "2014.03.23"]

1. e4 c5 2. c3 g6 3. d4 cxd4 4. cxd4 d5 5. e5 Bg7 6. Bd3 Nc6 7. Be3 Nh6 8. Ne2
O-O 9. Nbc3 Ng4 10. Bd2 Nb4 11. Bb1 f6 12. a3 Nc6 13. f3 fxe5 14. fxg4 exd4 15.
Nxd5 Bxg4 16. h3 e6 17. hxg4 Qxd5 18. Nf4 Rxf4 19. Bxf4 e5 20. Ba2 1-0

[Event "8. Ciudad los Ángeles 2014"]
[Site "Madrid ESP"]
[Date "2014.03.23"]
[Round "1.6"]
[White "Pindado Del Carmen, Eliseo"]
[Black "Rodriguez Dorado, Victor"]
[Result "0-1"]
[WhiteElo "1604"]
[BlackElo "1989"]
[PlyCount "146"]
[EventDate "2014.03.23"]
[EventType "swiss"]
[EventRounds "9"]
[EventCountry "ESP"]
[Source "lmi"]
[SourceDate "2014.03.23"]

1. d4 Nf6 2. Nf3 g6 3. c3 Bg7 4. Bf4 O-O 5. Qc1 Re8 6. Bh6 Bh8 7. h3 d6 8. Nbd2
e5 9. dxe5 dxe5 10. e3 e4 11. Nd4 c5 12. Ne2 Nc6 13. Ng3 Ne5 14. Qc2 Nd3+ 15.
Bxd3 exd3 16. Qa4 a6 17. Bg5 Bd7 18. Qf4 Nd5 19. Bxd8 Nxf4 20. Bb6 Rac8 21. Nc4
Nd5 22. a4 Rc6 23. a5 Nxc3 24. Kd2 Ne4+ 25. Nxe4 Rxe4 26. Rac1 Be6 27. b3 Bxc4
28. Rxc4 Rxc4 29. bxc4 Bb2 30. Kxd3 Ba3 31. Rd1 Rd6+ 32. Kc2 Rxd1 33. Kxd1 f5
34. Kc2 Kf7 35. Kd3 Ke6 36. f3 Bb4 37. Bd8 Be1 38. Bb6 Kd6 39. Ke2 Bh4 40. Kd3
Be7 41. Kc3 Ke6 42. Kd3 Kf6 43. Bc7 Kg5 44. e4 Kf6 45. Ke3 Ke6 46. Kd3 Bh4 47.
exf5+ Kxf5 48. Ke3 Bg5+ 49. f4 Bf6 50. g4+ Ke6 51. Ke4 Bd4 52. Bb6 Kd6 53. Kd3
Bf6 54. Ke4 Be7 55. g5 Ke6 56. h4 Bd6 57. Ba7 Bc7 58. Bxc5 Bxa5 59. Ba3 Be1 60.
h5 gxh5 61. f5+ Kf7 62. Bc1 h4 63. Kf3 a5 64. Ke2 Bg3 65. Kf3 a4 66. Ba3 Be1
67. Bd6 b6 68. Kg4 Bf2 69. Kh5 Bg3 70. g6+ hxg6+ 71. fxg6+ Kg8 72. c5 bxc5 73.
Bxc5 h3 0-1

[Event "8. Ciudad los Ángeles 2014"]
[Site "Madrid ESP"]
[Date "2014.03.23"]
[Round "1.7"]
[White "Lopez Ziegler, Carlos"]
[Black "Cano Nieto, Jose Luis"]
[Result "1-0"]
[WhiteElo "1944"]
[BlackElo "1597"]
[PlyCount "100"]
[EventDate "2014.03.23"]
[EventType "swiss"]
[EventRounds "9"]
[EventCountry "ESP"]
[Source "lmi"]
[SourceDate "2014.03.23"]

1. e4 e5 2. Nf3 Nc6 3. d4 exd4 4. Bc4 Na5 5. Bxf7+ Kxf7 6. Ne5+ Ke6 7. Qg4+ Ke7
8. Qh4+ Nf6 9. Bg5 Ke6 10. f4 Qe8 11. f5+ Kd6 12. Bxf6 Be7 13. Qf4 Bxf6 14.
Nf7+ Kc5 15. Nxh8 Qxh8 16. Qxc7+ Nc6 17. Nd2 Be5 18. Nb3+ Kb5 19. Nxd4+ Bxd4
20. Qd6 Qe8 21. a4+ Ka6 22. O-O-O Qe5 23. Qa3 Qxe4 24. Rhe1 Qxf5 25. b4 Qf4+
26. Kb1 b5 27. axb5+ Kxb5 28. Qd3+ Kb6 29. b5 Nb4 30. Qc4 Qf5 31. Qxd4+ Ka5 32.
Rd3 Nxd3 33. cxd3 Qxb5+ 34. Kc1 Rb8 35. Re5 Qxe5 36. Qxe5+ Rb5 37. Qc7+ Kb4 38.
Qc4+ Ka5 39. Qxc8 d5 40. Qc3+ Kb6 41. Qxg7 h5 42. Qg6+ Ka5 43. Qxh5 d4 44. Qh4
Rb4 45. g4 Rb3 46. Kc2 Rc3+ 47. Kd2 Kb4 48. Qe7+ Kb3 49. Qb7+ Ka3 50. Qxa7+ Kb3
1-0

[Event "8. Ciudad los Ángeles 2014"]
[Site "Madrid ESP"]
[Date "2014.03.23"]
[Round "1.8"]
[White "Savchuk, Olga"]
[Black "Tirado Parra, Alberto"]
[Result "0-1"]
[WhiteElo "1579"]
[BlackElo "1939"]
[PlyCount "66"]
[EventDate "2014.03.23"]
[EventType "swiss"]
[EventRounds "9"]
[EventCountry "ESP"]
[Source "lmi"]
[SourceDate "2014.03.23"]

1. e4 d5 2. exd5 Qxd5 3. Nc3 Qa5 4. d4 Nf6 5. Bd2 c6 6. Bc4 Bf5 7. Nd5 Qd8 8.
Nxf6+ gxf6 9. Bc3 Nd7 10. Nf3 e6 11. Qd2 h5 12. Qe2 h4 13. h3 Qc7 14. Bd3 Bxd3
15. Qxd3 O-O-O 16. Qe4 f5 17. Qe2 Bg7 18. O-O-O Nf6 19. Bd2 Ne4 20. c3 Bf6 21.
Rhg1 Rhg8 22. Kc2 Rg6 23. Ne5 Bxe5 24. dxe5 Qa5 25. a3 Qa4+ 26. Kc1 Rd5 27. Bf4
Nxc3 28. bxc3 Qxf4+ 29. Kc2 Qa4+ 30. Kb2 Rb5+ 31. Ka2 Qb3+ 32. Ka1 Qxa3+ 33.
Qa2 Qxc3+ 0-1

[Event "8. Ciudad los Ángeles 2014"]
[Site "Madrid ESP"]
[Date "2014.03.23"]
[Round "1.9"]
[White "Largo Barbero, Benito"]
[Black "Escanciano Reyero, Daniel"]
[Result "1-0"]
[WhiteElo "1938"]
[BlackElo "1575"]
[PlyCount "51"]
[EventDate "2014.03.23"]
[EventType "swiss"]
[EventRounds "9"]
[EventCountry "ESP"]
[Source "lmi"]
[SourceDate "2014.03.23"]

1. d4 Nf6 2. Bf4 d6 3. Nf3 Nbd7 4. e3 b6 5. Bc4 e6 6. Nc3 Bb7 7. Qe2 a6 8.
O-O-O Qe7 9. e4 e5 10. Bg5 h6 11. Bh4 O-O-O 12. Bxa6 exd4 13. Rxd4 g5 14. Bg3
Bg7 15. Re1 Nc5 16. Bxb7+ Kxb7 17. Qc4 Nfd7 18. e5 dxe5 19. b4 Ne6 20. Rd3 f6
21. Nd5 Qe8 22. Nd4 c5 23. Nb5 Nb8 24. Ra3 Nc6 25. Nd6+ Rxd6 26. Qa6+ 1-0

[Event "8. Ciudad los Ángeles 2014"]
[Site "Madrid ESP"]
[Date "2014.03.23"]
[Round "1.10"]
[White "Del Val Moreno, Jose A"]
[Black "Ruiz Sanchez, Roberto"]
[Result "0-1"]
[WhiteElo "1568"]
[BlackElo "1935"]
[PlyCount "94"]
[EventDate "2014.03.23"]
[EventType "swiss"]
[EventRounds "9"]
[EventCountry "ESP"]
[Source "lmi"]
[SourceDate "2014.03.23"]

1. e4 c5 2. Nc3 e6 3. f4 Nc6 4. Nf3 d5 5. Bb5 Nge7 6. O-O d4 7. Ne2 a6 8. Bxc6+
Nxc6 9. d3 b5 10. c3 dxc3 11. bxc3 Be7 12. Be3 O-O 13. d4 Qc7 14. e5 Na5 15.
Ng3 Nc4 16. Bf2 Qc6 17. Qc2 Bb7 18. Rae1 f5 19. exf6 Rxf6 20. f5 Raf8 21. Rxe6
Rxe6 22. fxe6 Rf6 23. Rd1 cxd4 24. cxd4 Qd5 25. Qe2 Rxe6 26. Qc2 Ne3 27. Bxe3
Rxe3 28. Nf5 Re6 29. Nxe7+ Rxe7 30. Qc5 Rd7 31. Qxd5+ Bxd5 32. Rd2 Rc7 33. Kf2
Rc3 34. a3 Rxa3 35. Ne5 Kf8 36. h4 Ke7 37. Ke2 Kd6 38. Rc2 Ra2 39. Rxa2 Bxa2
40. Kd3 a5 41. g4 b4 42. Nc4+ Bxc4+ 43. Kxc4 h6 44. d5 g6 45. Kb3 Kxd5 46. g5
hxg5 47. hxg5 Ke5 0-1

[Event "8. Ciudad los Ángeles 2014"]
[Site "Madrid ESP"]
[Date "2014.03.23"]
[Round "1.11"]
[White "Marcos Herrero, Francisco"]
[Black "Cortijo Manso, Luis"]
[Result "1-0"]
[WhiteElo "1930"]
[BlackElo "1561"]
[PlyCount "89"]
[EventDate "2014.03.23"]
[EventType "swiss"]
[EventRounds "9"]
[EventCountry "ESP"]
[Source "lmi"]
[SourceDate "2014.03.23"]

1. Nf3 Nf6 2. c4 c6 3. d4 d5 4. g3 dxc4 5. Bg2 b5 6. a4 Bb7 7. b3 cxb3 8. Qxb3
Qd5 9. Nbd2 e6 10. Qd3 a6 11. O-O Be7 12. Ba3 b4 13. Ne5 Qd8 14. Bb2 a5 15.
Rfc1 Ra6 16. Rc2 O-O 17. Rac1 Qc7 18. Ne4 Nxe4 19. Bxe4 g6 20. Qf3 Bg5 21. e3
Rc8 22. d5 f5 23. Bd3 Rb6 24. Bd4 b3 25. Rc5 b2 26. Rb1 Rb4 27. dxc6 Nxc6 28.
Qd1 Be7 29. Rc2 Qd6 30. Nxc6 Bxc6 31. Bb5 Bb7 32. Rxc8+ Bxc8 33. Qc2 Qd8 34.
Bc3 Qc7 35. Rxb2 Rxb2 36. Qxb2 Bb4 37. Bxb4 axb4 38. Qxb4 Qc1+ 39. Bf1 Qc6 40.
Qb5 Qc7 41. a5 Bd7 42. Qb6 Qc8 43. a6 Bc6 44. a7 Ba8 45. Qb8 1-0

[Event "8. Ciudad los Ángeles 2014"]
[Site "Madrid ESP"]
[Date "2014.03.23"]
[Round "1.12"]
[White "Salgado Duarte, Pablo"]
[Black "Pindado Campos, Raul"]
[Result "0-1"]
[WhiteElo "1556"]
[BlackElo "1901"]
[PlyCount "108"]
[EventDate "2014.03.23"]
[EventType "swiss"]
[EventRounds "9"]
[EventCountry "ESP"]
[Source "lmi"]
[SourceDate "2014.03.23"]

1. e4 c5 2. Nf3 e6 3. Nc3 a6 4. d4 cxd4 5. Nxd4 Qc7 6. Bd3 Nc6 7. Nxc6 bxc6 8.
O-O Nf6 9. Re1 Bd6 10. h3 O-O 11. Qe2 Be5 12. Bd2 Bb7 13. Rab1 Rfc8 14. Na4 c5
15. c4 d6 16. Bc3 Bxc3 17. Nxc3 Qc6 18. f3 Qd7 19. b3 Nh5 20. Bc2 Nf4 21. Qe3
e5 22. Ne2 Ne6 23. Ng3 g6 24. Ne2 Bc6 25. Nc3 Rab8 26. Nd5 Kg7 27. Qf2 a5 28.
Qh4 Bxd5 29. exd5 Nd4 30. Rbc1 a4 31. bxa4 Rb2 32. Bd1 Rcb8 33. Qe4 Rxa2 34.
Rb1 Rbb2 35. Rxb2 Rxb2 36. Qd3 Qb7 37. Kh2 Qb4 38. Rf1 Rd2 39. Qe3 Qb2 40. Rg1
Nf5 41. Qb3 Qxb3 42. Bxb3 Rb2 43. Bd1 Ne3 44. f4 exf4 45. Bf3 Nxc4 46. Ra1 Na5
47. Bg4 h5 48. Bd7 f3 49. Rg1 Rxg2+ 50. Rxg2 fxg2 51. Kxg2 c4 52. Bb5 c3 53.
Bd3 Kf6 54. Kf2 Ke5 0-1

[Event "8. Ciudad los Ángeles 2014"]
[Site "Madrid ESP"]
[Date "2014.03.23"]
[Round "1.13"]
[White "Crespo Villalba, Israel"]
[Black "Vazquez Cabeza, Isaac"]
[Result "1-0"]
[WhiteElo "1895"]
[BlackElo "1538"]
[PlyCount "99"]
[EventDate "2014.03.23"]
[EventType "swiss"]
[EventRounds "9"]
[EventCountry "ESP"]
[Source "lmi"]
[SourceDate "2014.03.23"]

1. e4 e6 2. Nf3 d5 3. exd5 exd5 4. d4 Nf6 5. Bd3 Bd6 6. O-O O-O 7. Re1 Be6 8.
Bg5 h6 9. Bh4 c6 10. Nbd2 Nbd7 11. Ne5 Qc7 12. Bg3 Rfe8 13. Ndf3 Nb6 14. b3
Rad8 15. Qd2 Nfd7 16. a4 Nxe5 17. Nxe5 Nd7 18. Nxd7 Bxd7 19. Bxd6 Qxd6 20. Qa5
Ra8 21. Rxe8+ Bxe8 22. Re1 Bd7 23. Qc5 Qxc5 24. dxc5 Be6 25. f4 g6 26. Bxg6
fxg6 27. Rxe6 Kf7 28. Rd6 Re8 29. Kf2 Re6 30. Rd8 Re4 31. g3 Rb4 32. Rd7+ Kf6
33. Kf3 Ke6 34. Rd6+ Kf7 35. h4 h5 36. g4 hxg4+ 37. Kxg4 Re4 38. Kg5 Re2 39.
Rd7+ Ke6 40. Rd6+ Kf7 41. Rf6+ Ke7 42. Rxg6 Rxc2 43. Rg7+ Kf8 44. Rxb7 d4 45.
Kf6 Ke8 46. Ke6 Re2+ 47. Kd6 d3 48. Rb4 d2 49. Rd4 Re7 50. Kxc6 1-0

[Event "8. Ciudad los Ángeles 2014"]
[Site "Madrid ESP"]
[Date "2014.03.23"]
[Round "1.14"]
[White "Huerto Moreno, Jorge"]
[Black "Pena Marina, Jose Maria"]
[Result "1-0"]
[WhiteElo "1534"]
[BlackElo "1848"]
[PlyCount "29"]
[EventDate "2014.03.23"]
[EventType "swiss"]
[EventRounds "9"]
[EventCountry "ESP"]
[Source "lmi"]
[SourceDate "2014.03.23"]

1. e4 e6 2. d4 d5 3. exd5 exd5 4. c4 Nf6 5. Nc3 Be7 6. Nf3 Bg4 7. cxd5 Nxd5 8.
Qa4+ Bd7 9. Qb3 Nb6 10. Bd3 O-O 11. O-O h6 12. Re1 Be6 13. Rxe6 fxe6 14. Qxe6+
Rf7 15. Bg6 1-0

[Event "8. Ciudad los Ángeles 2014"]
[Site "Madrid ESP"]
[Date "2014.03.23"]
[Round "1.15"]
[White "Perez Fernandez, Guillermo"]
[Black "Jimenez Manzano, Emiliano"]
[Result "1-0"]
[WhiteElo "1832"]
[BlackElo "1481"]
[PlyCount "67"]
[EventDate "2014.03.23"]
[EventType "swiss"]
[EventRounds "9"]
[EventCountry "ESP"]
[Source "lmi"]
[SourceDate "2014.03.23"]

1. e4 d5 2. Nc3 dxe4 3. Nxe4 e6 4. Bc4 Nf6 5. Ng3 Bd6 6. d3 Nbd7 7. Nf3 Nb6 8.
Bb3 Bd7 9. Bg5 h6 10. Bd2 Qe7 11. O-O O-O-O 12. a4 h5 13. Bg5 Qe8 14. Ne4 Be7
15. a5 Nbd5 16. Qe2 Nb4 17. Be3 Nxe4 18. dxe4 Kb8 19. Rfd1 Bb5 20. Rxd8+ Bxd8
21. Qd2 Be7 22. Ne5 Nc6 23. Nxc6+ Qxc6 24. Qd4 Rd8 25. Qxa7+ Kc8 26. c4 Bxc4
27. Bxc4 Qxc4 28. Qa8+ Kd7 29. Qxb7 Ke8 30. a6 Qa4 31. Rf1 Rd1 32. g3 h4 33. a7
Rxf1+ 34. Kxf1 1-0

[Event "8. Ciudad los Ángeles 2014"]
[Site "Madrid ESP"]
[Date "2014.03.23"]
[Round "1.16"]
[White "Martin Rodriguez, Jose Luis"]
[Black "Fernandez Sanchez, Lorenzo"]
[Result "0-1"]
[WhiteElo "1407"]
[BlackElo "1793"]
[PlyCount "68"]
[EventDate "2014.03.23"]
[EventType "swiss"]
[EventRounds "9"]
[EventCountry "ESP"]
[Source "lmi"]
[SourceDate "2014.03.23"]

1. e4 e5 2. Nf3 d6 3. d4 exd4 4. Nxd4 Nf6 5. Nc3 Nc6 6. Be2 Be7 7. Be3 O-O 8.
Qd2 Ng4 9. O-O-O Bf6 10. Nxc6 bxc6 11. Bxg4 Bxg4 12. f3 Be6 13. Kb1 a5 14. a4
Rb8 15. g4 Rb4 16. b3 Bxb3 17. cxb3 Rxb3+ 18. Ka2 Bxc3 19. Qc1 Qb8 20. Rd2 Bxd2
21. Qxd2 Qb4 22. Qxb4 Rxb4 23. Rc1 Rfb8 24. Rc3 Rxa4+ 25. Ra3 Rxa3+ 26. Kxa3
Rb4 27. Bd2 c5 28. Bc3 f6 29. h4 Kf7 30. Bd2 c6 31. Bf4 Ke6 32. Bg3 d5 33. Bf2
dxe4 34. Bxc5 exf3 0-1

[Event "8. Ciudad los Ángeles 2014"]
[Site "Madrid ESP"]
[Date "2014.03.23"]
[Round "1.17"]
[White "Fernandez Rodriguez, Fernando"]
[Black "Pablos Ceruelo, Oscar"]
[Result "1-0"]
[WhiteElo "1782"]
[BlackElo "1342"]
[PlyCount "53"]
[EventDate "2014.03.23"]
[EventType "swiss"]
[EventRounds "9"]
[EventCountry "ESP"]
[Source "lmi"]
[SourceDate "2014.03.23"]

1. d4 d5 2. c4 Nf6 3. cxd5 Nxd5 4. e4 Nf6 5. Nc3 Nc6 6. Nge2 e6 7. g3 a6 8. Bg2
e5 9. d5 Ne7 10. h3 Ng6 11. Be3 Bd6 12. O-O h5 13. f4 Bd7 14. Qd2 Qc8 15. f5
Nf8 16. Nd1 g6 17. fxg6 Be7 18. Bg5 Qd8 19. g7 Nxe4 20. gxh8=Q Nxd2 21. Bxd2
Bc5+ 22. Kh1 Qe7 23. Qf6 Nh7 24. Qxe7+ Kxe7 25. Be3 Bxe3 26. Nxe3 Ng5 27. h4
1-0

[Event "8. Ciudad los Ángeles 2014"]
[Site "Madrid ESP"]
[Date "2014.03.23"]
[Round "1.18"]
[White "Fernandez Moreno, Gerardo"]
[Black "Garces Adan, Jose A"]
[Result "1-0"]
[WhiteElo "1782"]
[BlackElo "1777"]
[PlyCount "49"]
[EventDate "2014.03.23"]
[EventType "swiss"]
[EventRounds "9"]
[EventCountry "ESP"]
[Source "lmi"]
[SourceDate "2014.03.23"]

1. e4 e5 2. Nf3 Nc6 3. Bc4 Bc5 4. b4 Bxb4 5. c3 Ba5 6. d4 exd4 7. O-O d6 8.
cxd4 h6 9. Qb3 Qe7 10. d5 Nf6 11. dxc6 Bb6 12. Nc3 O-O 13. Nd5 Nxd5 14. Bxd5
bxc6 15. Bxc6 Rb8 16. Qc3 Bg4 17. Bb2 f6 18. Bd5+ Kh7 19. Qd3 f5 20. Rae1 Bxf3
21. Qxf3 fxe4 22. Bxe4+ Kh8 23. Qg3 Ba5 24. Bc3 Bb6 25. Qg6 1-0

[Event "8. Ciudad los Ángeles 2014"]
[Site "Madrid ESP"]
[Date "2014.03.23"]
[Round "1.19"]
[White "Fernandez Bonilla, M. Arcangel"]
[Black "Andradas Encabo, Victor"]
[Result "1-0"]
[WhiteElo "1758"]
[BlackElo "1749"]
[PlyCount "51"]
[EventDate "2014.03.23"]
[EventType "swiss"]
[EventRounds "9"]
[EventCountry "ESP"]
[Source "lmi"]
[SourceDate "2014.03.23"]

1. e4 d5 2. exd5 Qxd5 3. Nc3 Qd6 4. d4 Nf6 5. Nf3 a6 6. Bg5 b5 7. Bd3 Bb7 8.
Qe2 Nbd7 9. Rd1 e6 10. O-O Be7 11. Rfe1 b4 12. Ne4 Nxe4 13. Bxe4 Bxe4 14. Qxe4
O-O 15. d5 e5 16. Qh4 Bxg5 17. Nxg5 h6 18. Ne4 Qg6 19. d6 c6 20. Qe7 Rad8 21.
Rd3 Rfe8 22. Qh4 f5 23. Ng3 Nc5 24. Qc4+ Ne6 25. Rxe5 Rd7 26. Nxf5 1-0

[Event "8. Ciudad los Ángeles 2014"]
[Site "Madrid ESP"]
[Date "2014.03.23"]
[Round "1.20"]
[White "Blanco Plana, Arturo"]
[Black "Enfedaque Jimenez, Juan Carlos"]
[Result "0-1"]
[WhiteElo "1730"]
[BlackElo "1745"]
[PlyCount "40"]
[EventDate "2014.03.23"]
[EventType "swiss"]
[EventRounds "9"]
[EventCountry "ESP"]
[Source "lmi"]
[SourceDate "2014.03.23"]

1. e4 e6 2. Nf3 d5 3. exd5 exd5 4. d4 Bd6 5. Nc3 Ne7 6. g3 Nbc6 7. Bg2 Bg4 8.
Qd3 Qd7 9. a3 O-O-O 10. Nb5 Rde8 11. O-O f6 12. Nxd6+ Qxd6 13. Bf4 Qd7 14. b4
g5 15. Bd2 h5 16. h3 Bxh3 17. Bxh3 Qxh3 18. Rae1 h4 19. Bxg5 hxg3 20. fxg3
Qxg3# 0-1

[Event "8. Ciudad los Ángeles 2014"]
[Site "Madrid ESP"]
[Date "2014.03.30"]
[Round "2.2"]
[White "Avendano Mateos, Jose"]
[Black "Fernandez Rodriguez, Fernando"]
[Result "1-0"]
[WhiteElo "2042"]
[BlackElo "1782"]
[PlyCount "96"]
[EventDate "2014.03.23"]
[EventType "swiss"]
[EventRounds "9"]
[EventCountry "ESP"]
[Source "lmi"]
[SourceDate "2014.03.23"]

1. d4 Nf6 2. Nf3 d6 3. Bg5 Nbd7 4. Nbd2 c6 5. e4 e5 6. c3 Be7 7. Bd3 O-O 8. O-O
a6 9. a4 b6 10. Re1 Bb7 11. Nf1 Qc7 12. Ng3 g6 13. Bc2 Rfe8 14. Bb3 c5 15. d5
b5 16. c4 bxc4 17. Bxc4 Nb6 18. b3 Nxc4 19. bxc4 Bc8 20. Rb1 Bd7 21. Bd2 Reb8
22. Qc2 a5 23. Ne2 Bd8 24. Nc3 Rxb1 25. Rxb1 Rb8 26. Rxb8 Qxb8 27. Nb5 Bxb5 28.
cxb5 Qc7 29. Bg5 Nd7 30. Bxd8 Qxd8 31. Qc3 Qa8 32. Nd2 Nb6 33. Qc2 Qc8 34. Nc4
Nxc4 35. Qxc4 Qb7 36. Kf1 f6 37. Ke2 Kf7 38. Kd3 Ke7 39. Qc3 Qb6 40. Kc4 Kf7
41. Qh3 Kg7 42. Qd7+ Kh6 43. Qc6 Qb8 44. b6 Kg5 45. b7 Qa7 46. Kb5 c4 47. Qb6
Qb8 48. Kxc4 h5 1-0

[Event "8. Ciudad los Ángeles 2014"]
[Site "Madrid ESP"]
[Date "2014.03.30"]
[Round "2.3"]
[White "Fernandez Bonilla, M. Arcangel"]
[Black "Gil Sierra, Jacinto"]
[Result "0-1"]
[WhiteElo "1758"]
[BlackElo "2037"]
[PlyCount "68"]
[EventDate "2014.03.23"]
[EventType "swiss"]
[EventRounds "9"]
[EventCountry "ESP"]
[Source "lmi"]
[SourceDate "2014.03.23"]

1. Nf3 d5 2. g3 Nf6 3. Bg2 Bg4 4. O-O Nbd7 5. c4 e6 6. Qa4 c6 7. cxd5 exd5 8.
d3 Bd6 9. Bg5 Qb6 10. Nbd2 O-O 11. Rac1 Rfe8 12. Rfe1 h6 13. Bxf6 Nxf6 14. Qb3
Qxb3 15. Nxb3 Bb4 16. Nbd2 Bxd2 17. Nxd2 Bxe2 18. Bf1 Bxf1 19. Kxf1 Kf8 20. f3
Rxe1+ 21. Kxe1 Ke7 22. Nb3 Kd6 23. Kf2 Re8 24. Nd4 g6 25. b4 Nd7 26. f4 a6 27.
Rc2 c5 28. bxc5+ Nxc5 29. Rc3 b5 30. a3 Rb8 31. Nc2 a5 32. Ke3 b4 33. axb4 axb4
34. Nxb4 Rxb4 0-1

[Event "8. Ciudad los Ángeles 2014"]
[Site "Madrid ESP"]
[Date "2014.03.30"]
[Round "2.4"]
[White "Brull Cortes, Boris"]
[Black "Yeves Miquel, Enrique"]
[Result "1-0"]
[WhiteElo "2025"]
[BlackElo "1742"]
[PlyCount "67"]
[EventDate "2014.03.23"]
[EventType "swiss"]
[EventRounds "9"]
[EventCountry "ESP"]
[Source "lmi"]
[SourceDate "2014.03.23"]

1. e4 c5 2. Nf3 e6 3. d4 cxd4 4. Nxd4 a6 5. Nc3 Qc7 6. Be2 Nc6 7. Be3 Nf6 8.
O-O Bb4 9. Na4 Be7 10. c4 Nxe4 11. c5 d5 12. cxd6 Nxd6 13. Rc1 O-O 14. Bf3 Qd8
15. Bxc6 bxc6 16. Nxc6 Qe8 17. Nb6 Bb7 18. Nxe7+ Qxe7 19. Nxa8 Rxa8 20. Qg4 Nf5
21. Bg5 f6 22. Bf4 Bd5 23. a3 Rd8 24. Rc7 Qf8 25. Rfc1 Kh8 26. Bd2 Qe8 27. Bb4
h5 28. Qh3 Qg6 29. f3 Nd4 30. Kf2 Qg5 31. Qg3 Qh6 32. Rc8 Rxc8 33. Rxc8+ Kh7
34. Qb8 1-0

[Event "8. Ciudad los Ángeles 2014"]
[Site "Madrid ESP"]
[Date "2014.03.30"]
[Round "2.5"]
[White "Enfedaque Jimenez, Juan Carlos"]
[Black "Lobato Rivero, Carlos"]
[Result "0-1"]
[WhiteElo "1745"]
[BlackElo "1999"]
[PlyCount "102"]
[EventDate "2014.03.23"]
[EventType "swiss"]
[EventRounds "9"]
[EventCountry "ESP"]
[Source "lmi"]
[SourceDate "2014.03.23"]

1. e4 g6 2. d4 Bg7 3. Nc3 d6 4. Be2 c6 5. Be3 b5 6. a3 a6 7. Qd2 Nd7 8. f4 Qc7
9. Nf3 Nb6 10. O-O Nf6 11. h3 h5 12. Ng5 e6 13. e5 Nfd5 14. Nce4 Bf8 15. b3 Be7
16. Bf2 f6 17. Nf3 dxe5 18. fxe5 Nd7 19. exf6 N7xf6 20. Nxf6+ Bxf6 21. c4 Ne7
22. Rfe1 O-O 23. Rac1 Qd6 24. b4 Bb7 25. Be3 Rad8 26. Bf4 e5 27. dxe5 Qxd2 28.
Bxd2 Bxe5 29. cxb5 axb5 30. Bh6 Bg7 31. Bxg7 Kxg7 32. Bxb5 Rd7 33. Ne5 Rc7 34.
Bd3 Ra8 35. b5 Rxa3 36. Rf1 Nd5 37. bxc6 Bxc6 38. Bxg6 Ne3 39. Rfe1 Nxg2 40.
Red1 Nf4 41. Be4 Ne2+ 42. Kf2 Nxc1 43. Rxc1 Re7 44. Rg1+ Kf6 45. Bxc6 Rxe5 46.
Rb1 Rxh3 47. Bg2 Ra3 48. Rb2 Kg5 49. Kg1 h4 50. Kh2 Rea5 51. Rd2 R5a4 0-1